Educación para una nueva era

Guardat en:
Dades bibliogràfiques
Autor principal: Hook, Sidney (Autor)
Format: Llibre
Idioma:espanyol
Publicat: Cali Norma 1967
Matèries:
Etiquetes: Afegir etiqueta
Sense etiquetes, Sigues el primer a etiquetar aquest registre!

MARC

LEADER 00000nam a2200000 a 4500
001 UCY7935
003 CL-VaPUC
008 950623e19670000CK |||||||||||||||||spa|d
082 0 4 |a 306.43  |b HOO  |2 21 
100 |a Hook, Sidney  |e author  |9 561808 
245 1 0 |a Educación para una nueva era 
300 |a 271 p 
942 |c BK 
945 |d 19950623 00:00:00  |a mfernand 
260 |a Cali  |b Norma  |c 1967 
650 0 |a Sociología de la educación   |9 260380 
650 0 |a Filosofía de la educación   |9 258384 
650 7 |a HOMBRE  |2 CL-VaPUC  |9 262149 
650 0 |a Currículo  |9 307290 
650 0 |a Religión   |9 255164 
650 0 |a Docentes  |9 311365 
651 0 |a Estados Unidos  |9 255178 
583 |a last modification  |c 19950623 00:00:00  |k Rodrigo Vera 
999 |c 235229  |d 235227 
952 |0 0  |1 0  |4 0  |6 306_430000000000000_HOO_1967  |7 0  |8 P  |9 242495  |a BIBEDU  |b BIBEDU  |c BIBEDU_PB  |d 2019-11-18  |i 1523058  |o 306.43 HOO 1967  |p 1523058  |r 2024-01-25  |w 2019-11-18  |y BK  |k EDU